15 plus grandes villes de l'ex-Yougoslavie (avec une carte) - Statistiques

Statistiques générales
  • Ce quiz a été pris 95 fois
  • Le résultat moyen est 10 sur 15
Réponses sur la Carte
Les réponses sont colorées sur une échelle allant du rouge au vert en fonction du pourcentage des utilisateurs qui les ont devinées à leur premier essai. Vous pouvez retrouver ces pourcentages ci-dessous.
 
Statistiques - réponses
Pays Ville Population % Correct
Serbie Belgrade 1,2 million
99%
Croatie Zagreb 660 mille
99%
Bosnie Sarajevo 350 mille
97%
Croatie Split 150 mille
90%
Macédoine Skopje 420 mille
87%
Kosovo Pristina 140 mille
80%
Monténégro Podgorica 170 mille
78%
Slovénie Ljubljana 290 mille
70%
Serbia Novi Sad 260 mille
55%
Slovénie Maribor 100 mille
51%
Serbie Niš 180 mille
51%
Croatie Rijeka 110 mille
38%
Bosnie Banja Luka 135 mille
33%
Serbie Subotica 90 mille
13%
Serbie Kragujevac 145 mille
12%
Aucun quiz correspondant
Distribution des résultats
% des personnes avec chaque résultat
Percentile par nombre de réponses
Votre historique - résultats
Vous n’avez pas pris ce quiz